Women in the economy of the United States of America; (Record no. 36240)

MARC details
000 -LEADER
fixed length control field 01202cam a22003131 4500
001 - CONTROL NUMBER
control field l 37000151
003 - CONTROL NUMBER IDENTIFIER
control field DLC
005 - DATE AND TIME OF LATEST TRANSACTION
control field 20260227111536.0
008 - FIXED-LENGTH DATA ELEMENTS--GENERAL INFORMATION
fixed length control field 720908s1937 dcu b f000 0 eng
010 ## - LIBRARY OF CONGRESS CONTROL NUMBER
LC control number l 37000151
035 ## - SYSTEM CONTROL NUMBER
System control number (OCoLC)401705
040 ## - CATALOGING SOURCE
Original cataloging agency DLC
Transcribing agency OClU
Modifying agency NBrockU
-- DLC
042 ## - AUTHENTICATION CODE
Authentication code premarc
050 00 - LIBRARY OF CONGRESS CALL NUMBER
Classification number HD6093
Item number .A35 no. 155
086 0# - GOVERNMENT DOCUMENT CLASSIFICATION NUMBER
Classification number L 13.3:155
100 1# - MAIN ENTRY--PERSONAL NAME
Personal name Pidgeon, Mary Elizabeth
245 10 - TITLE STATEMENT
Title Women in the economy of the United States of America;
Remainder of title a summary report,
Statement of responsibility, etc. by Mary Elizabeth Pidgeon.
246 14 - VARYING FORM OF TITLE
Title proper/short title Women in the United States
260 ## - PUBLICATION, DISTRIBUTION, ETC.
Place of publication, distribution, etc. Washington,
Name of publisher, distributor, etc. U.S. Govt. Print. Off.,
Date of publication, distribution, etc. 1937.
300 ## - PHYSICAL DESCRIPTION
Extent ix, 137 p.
Other physical details incl. maps, diagrs.
Dimensions 23 cm.
490 1# - SERIES STATEMENT
Series statement Bulletin of the Women's Bureau,
Volume/sequential designation no. 155
500 ## - GENERAL NOTE
General note At head of title: United States Dept. of Labor, Frances Perkins, Secretary; Women's Bureau, Mary Anderson, Director.
504 ## - BIBLIOGRAPHY, ETC. NOTE
Bibliography, etc. note "References": p. 132-135.
650 #0 - SUBJECT ADDED ENTRY--TOPICAL TERM
Topical term or geographic name entry element Women
General subdivision Employment
Geographic subdivision United States.
650 #0 - SUBJECT ADDED ENTRY--TOPICAL TERM
Topical term or geographic name entry element Women
General subdivision Legal status, laws, etc.
Geographic subdivision United States.
650 #0 - SUBJECT ADDED ENTRY--TOPICAL TERM
Topical term or geographic name entry element Women
Geographic subdivision United States
General subdivision Economic conditions.
710 1# - ADDED ENTRY--CORPORATE NAME
Corporate name or jurisdiction name as entry element United States.
Subordinate unit Women's Bureau.
830 #0 - SERIES ADDED ENTRY--UNIFORM TITLE
Uniform title Bulletin (United States. Women's Bureau) ;
Volume/sequential designation no. 155

No items available.

Powered by Koha